The westside story. (Record no. 12633)

000 -LEADER
fixed length control field 00559nam a2200193 a 4500
001 - CONTROL NUMBER
control field :::00010442$&:&@@
003 - CONTROL NUMBER IDENTIFIER
control field OkBaRHE
005 - DATE AND TIME OF LATEST TRANSACTION
control field 20000607103359.0
008 - FIXED-LENGTH DATA ELEMENTS--GENERAL INFORMATION
fixed length control field s1975 j 000 0 eng u
040 ## - CATALOGING SOURCE
Transcribing agency
100 1# - MAIN ENTRY--PERSONAL NAME
Personal name Hembree, Charles R.
245 14 - TITLE STATEMENT
Title The westside story.
260 ## - PUBLICATION, DISTRIBUTION, ETC. (IMPRINT)
Place of publication, distribution, etc Grand Rapids, MI., :
Name of publisher, distributor, etc New Hope Press
Date of publication, distribution, etc c1975
300 ## - PHYSICAL DESCRIPTION
Extent 159 p. ;
Dimensions 19 cm.
650 ## - SUBJECT ADDED ENTRY--TOPICAL TERM
Topical term or geographic name as entry element Christian Life
650 ## - SUBJECT ADDED ENTRY--TOPICAL TERM
Topical term or geographic name as entry element Sunday Schools
942 ## - ADDED ENTRY ELEMENTS (KOHA)
Source of classification or shelving scheme
Koha item type Books
Copies
Copy number Koha item type Date last seen Permanent Location Not for loan Date acquired Damaged status Withdrawn status Shelving location Barcode Full call number Source of classification or shelving scheme Lost status Price effective from
1Books2010-04-14RHEMA Bible Training College 2010-04-14  General Stacks10442BV 4501 .H4  2010-04-14